Pengajaran wacana /
| Main Author: | |
|---|---|
| Format: | Book |
| Published: |
Kuala Lumpur:
Dewan Bahasa dan Pustaka,
1995.
|
| Subjects: |
| LEADER | 00565cam a2200205 7i4500 | ||
|---|---|---|---|
| 001 | 0000021242 | ||
| 005 | 20151104090000.0 | ||
| 005 | ##20151104123800.0 | ||
| 003 | ##MY-KlINT | ||
| 020 | # | # | |a 9836244239 |
| 039 | # | 9 | |y 201511041238 |z VLOAD |
| 090 | 0 | 0 | |a E 401.41 |b TAR |
| 100 | 1 | # | |a Tarigan, Henry Guntur |
| 245 | 1 | 0 | |a Pengajaran wacana / |c Henry Guntur Tarigan. |
| 260 | # | # | |a Kuala Lumpur: |b Dewan Bahasa dan Pustaka, |c 1995. |
| 300 | # | # | |a 248 p.. |
| 650 | # | 0 | |a Discourse analysis, Narrativr |
| 650 | # | 0 | |a Discource analysis |
| 650 | # | 0 | |a Semiotics |
| 650 | # | 0 | |a Lectures and lecturing |